000 00716nam a2200289Ia 4500
005 20260324132900.0
008 008 260324s9999 xx 000 0 eng d
020 _a9780429233524
037 _aEBOOK
040 _aCRL
040 _beng
040 _cCRL
041 _2eng
041 _aeng
084 _qCRL
100 _aM.R.D. Foot
_91190979
245 0 _aSOE in France
245 3 _bAn Account of the Work of the British Special Operations Executive in France 1940-1944
260 _bTaylor and Francis
260 _c2004
365 _a
365 _b230
856 _uhttp://www.taylorfrancis.com/books/9780429233524
942 _cEBOOK
999 _c1789487
_d1789487